A keletkezés ontológiája a végtelen fogalma Maurice Merleau-Ponty fenomenológiai ontológiájában
Elmentve itt :
| Szerző: | |
|---|---|
| Adatforrás: | Philobibl |
| Forrásdokumentuma: | Enigma 8.2002:32. p. 67-93. |
| Dokumentumtípus: | Cikk |
| Nyelv: | magyar |
| Kulcsszavak: | Merleau-Ponty, M. fenomenológia ontológia lételmélet keletkezés észlelés végtelen filozófia, francia |
| LEADER | 00587nab a2200193 c 4500 | ||
|---|---|---|---|
| 001 | bibPHI0044463 | ||
| 005 | 20200924125302.9 | ||
| 008 | 130521s2002 hu hun | ||
| 100 | 1 | |a Szabó Zsigmond | |
| 245 | 1 | 2 | |a A keletkezés ontológiája |b a végtelen fogalma Maurice Merleau-Ponty fenomenológiai ontológiájában |c Szabó Zsigmond |
| 695 | |a Merleau-Ponty, M. | ||
| 695 | |a fenomenológia | ||
| 695 | |a ontológia | ||
| 695 | |a lételmélet | ||
| 695 | |a keletkezés | ||
| 695 | |a észlelés | ||
| 695 | |a végtelen | ||
| 695 | |a filozófia, francia | ||
| 773 | 0 | |t Enigma |g 8.2002:32. p. 67-93. | |